Pete the Cat : (Record no. 4403)

MARC details
000 -LEADER
fixed length control field 01257cam a22003377i 4500
005 - DATE AND TIME OF LATEST TRANSACTION
control field 20260326081446.0
020 ## - INTERNATIONAL STANDARD BOOK NUMBER
International Standard Book Number 9780062110756
040 ## - CATALOGING SOURCE
Original cataloging agency YDXCP
Transcribing agency YDXCP
Description conventions rda
Modifying agency BTCTA
-- BDX
-- OCO
-- WIM
-- ZHB
-- IUK
-- VHP
-- JQM
-- IEP
-- DCH
-- OCLCA
-- VP@
-- DLC
Language of cataloging eng
050 00 - LIBRARY OF CONGRESS CALL NUMBER
Classification number PZ7.D34416
Item number 2014
082 04 - DEWEY DECIMAL CLASSIFICATION NUMBER
Classification number 813.6
100 1# - MAIN ENTRY--PERSONAL NAME
Personal name Dean, Kimberly
Dates associated with a name 1969-
Relator term author
245 10 - TITLE STATEMENT
Title Pete the Cat :
Remainder of title too cool for school /
Statement of responsibility, etc. by Kimberly and James Dean.
246 30 - VARYING FORM OF TITLE
Title proper/short title Too cool for school
250 ## - EDITION STATEMENT
Edition statement First Edition.
260 ## - PUBLICATION, DISTRIBUTION, ETC.
Place of publication, distribution, etc. New York :
Name of publisher, distributor, etc. Harper Collins ;
Date of publication, distribution, etc. 2014 .
300 ## - PHYSICAL DESCRIPTION
Extent 31 pages :
Other physical details color illustrations ;
Dimensions 24 cm.
490 0# - SERIES STATEMENT
Series statement Pete the cat
490 1# - SERIES STATEMENT
Series statement I can read! My first shared reading
505 ## - FORMATTED CONTENTS NOTE
Formatted contents note E <br/>
520 ## - SUMMARY, ETC.
Summary, etc. "Pete just can't decide which outfit to wear to school! He has so many options to choose from. Fans of Pete the Cat will enjoy Pete's creativity in choosing the coolest outfit" --
521 1# - TARGET AUDIENCE NOTE
Target audience note 210 <br/>
Source Lexile <br/>
521 0# - TARGET AUDIENCE NOTE
Target audience note E <br/>
Source Raz-Plus <br/>
650 #0 - SUBJECT ADDED ENTRY--TOPICAL TERM
Topical term or geographic name entry element Cats
Form subdivision Juvenile fiction.
650 #0 - SUBJECT ADDED ENTRY--TOPICAL TERM
Topical term or geographic name entry element Clothing and dress
Form subdivision Juvenile fiction.
650 #1 - SUBJECT ADDED ENTRY--TOPICAL TERM
Topical term or geographic name entry element Cats
Form subdivision Fiction.
650 #1 - SUBJECT ADDED ENTRY--TOPICAL TERM
Topical term or geographic name entry element Clothing and dress
Form subdivision Fiction.
700 1# - ADDED ENTRY--PERSONAL NAME
Personal name Dean, James
Dates associated with a name 1957-
906 ## - LOCAL DATA ELEMENT F, LDF (RLIN)
a 7
b cbc
c copycat
d 2
e ncip
f 20
g y-gencatlg
942 ## - ADDED ENTRY ELEMENTS (KOHA)
Source of classification or shelving scheme Dewey Decimal Classification
Koha item type Books
Suppress in OPAC No
999 ## -
-- 4403
-- 4403
Holdings
Withdrawn status Lost status Source of classification or shelving scheme Damaged status Not for loan Collection Home library Current library Shelving location Date acquired Total Checkouts Full call number Barcode Date last seen Date last checked out Price effective from Koha item type
Withdrawn   Dewey Decimal Classification Damaged   Juvenile Fiction Footprints International School Library Network Toul Tom Poung Campus Footprints International School Library Network Toul Tom Poung Campus TTP Primary Green Bookshelves 08/20/2024 4 DEA 813.6 PZ7.D34416 2024-1788 03/26/2026 03/19/2026 08/20/2024 Books